[Event "Zilina Region-ch"]
[Site "Zilina"]
[Date "2012.05.05"]
[Round "2"]
[White "Masarik, Roman"]
[Black "Sun, Peter"]
[Result "1-0"]
[WhiteElo "1804"]
[BlackElo "1744"]
[PlyCount "67"]
[EventDate "2012.05.04"]
[EventType "swiss"]
[EventRounds "7"]
[EventCountry "SVK"]
[SourceTitle "CBM 148 Extra"]
[Source "ChessBase"]
[SourceDate "2012.06.22"]
[SourceVersion "1"]
[SourceVersionDate "2012.06.22"]
[SourceQuality "1"]

1. d4 Nf6 2. c4 g6 3. Nc3 d5 4. cxd5 Nxd5 5. e4 Nb6 6. f4 Bg7 7. Be3 c6 8. Nf3 Bg4 9. Be2 N8d7 10. 0-0 Qc7 11. Rc1 Nf6 12. b3 0-0 13. h3 Be6 14. Ne5 Rad8 15. Qe1 Qb8 16. Qf2 Bc8 17. Bf3 Nfd7 18. a4 Nxe5 19. dxe5 f6 20. Bxb6 axb6 21. exf6 Rxf6 22. Qxb6 Be6 23. Ne2 Rff8 24. e5 Rd3 25. b4 Bh6 26. a5 Rxf4 27. Nxf4 Bxf4 28. Rce1 Bxe5 29. Rxe5 Qxe5 30. Qxb7 Bd5 31. Qc8+ Kg7 32. Bxd5 Qd4+ 33. Kh1 Rxh3+ 34. Qxh3 1-0

[Event "SVK-chT2C 0506"]
[Site "Slovakia"]
[Date "2006.03.11"]
[Round "10.8"]
[White "Dvorsky, Jozef"]
[Black "Sun, Peter"]
[Result "0-1"]
[WhiteElo "1625"]
[BlackElo "1812"]
[PlyCount "74"]
[EventDate "2005.10.22"]
[EventType "tourn"]
[EventRounds "11"]
[EventCountry "SVK"]
[SourceTitle "EXT 2009"]
[Source "ChessBase"]
[SourceDate "2008.11.26"]
[SourceVersion "1"]
[SourceVersionDate "2008.11.26"]
[SourceQuality "1"]

1. c4 e5 2. Nc3 c6 3. e4 Bc5 4. Nf3 d6 5. Be2 Nf6 6. d3 0-0 7. Bg5 Nbd7 8. a3 Bd4 9. Qd2 Nc5 10. Bd1 Ne6 11. Nxd4 Nxd4 12. 0-0 Be6 13. f4 exf4 14. Rxf4 Qb6 15. Qf2 Nd7 16. Be7 Rfe8 17. Bxd6 c5 18. e5 Qd8 19. Ba4 g5 20. Bxd7 gxf4 21. Bxe8 Qxe8 22. Qxf4 Qd8 23. Rf1 b6 24. Qf6 Qxf6 25. Rxf6 Nf5 26. Nb5 Nxd6 27. Nxd6 Rd8 28. Kf2 Kg7 29. g4 Rxd6 30. Rxf7+ Kxf7 31. exd6 Bxg4 32. b4 Ke6 33. Ke3 Kxd6 34. h4 Ke5 35. a4 cxb4 36. d4+ Kd6 37. Kd2 a5 0-1

[Event "SVK-chT2 5th B03 corr"]
[Site "Slovakia"]
[Date "2002.03.01"]
[Round "1"]
[White "Hlavcak, Stanislav"]
[Black "Sun, Peter"]
[Result "1-0"]
[WhiteElo "1843"]
[BlackElo "1600"]
[PlyCount "65"]
[EventDate "2002.??.??"]
[EventType "team (corr)"]
[EventRounds "10"]
[EventCountry "SVK"]
[SourceTitle "Corr 2004"]
[Source "ChessBase"]
[SourceDate "2003.04.28"]
[SourceVersion "3"]
[SourceVersionDate "2003.04.28"]
[SourceQuality "1"]

1. g3 e5 2. c4 Nf6 3. d3 d5 4. Bg2 c6 5. Nf3 Qc7 6. 0-0 Nbd7 7. cxd5 cxd5 8. Nc3 Nb6 9. Bg5 Be7 10. Rc1 Qb8 11. Nb5 Bd6 12. a4 Bd7 13. Qb3 Bc6 14. Bxf6 gxf6 15. Nd2 0-0 16. a5 Nd7 17. Bxd5 a6 18. Bxc6 bxc6 19. Nxd6 Qxd6 20. Ne4 Qc7 21. Qa4 Rfc8 22. Nc5 f5 23. Qh4 Nxc5 24. Qg5+ Kf8 25. Qh6+ Ke7 26. Rxc5 Qd6 27. Qh4+ Kd7 28. b4 h6 29. Qh3 Qe6 30. f4 exf4 31. Rxf4 Kc7 32. Qxf5 Qxe2 33. Rxc6+ 1-0

[Event "SVK-chT2 5th B03 corr"]
[Site "Slovakia"]
[Date "2002.03.01"]
[Round "2"]
[White "Sun, Peter"]
[Black "Hlavcak, Stanislav"]
[Result "0-1"]
[WhiteElo "1600"]
[BlackElo "1843"]
[PlyCount "62"]
[EventDate "2002.??.??"]
[EventType "team (corr)"]
[EventRounds "10"]
[EventCountry "SVK"]
[SourceTitle "Corr 2004"]
[Source "ChessBase"]
[SourceDate "2003.04.28"]
[SourceVersion "3"]
[SourceVersionDate "2003.04.28"]
[SourceQuality "1"]

1. e4 Nc6 2. d4 d5 3. Nc3 e6 4. Nf3 Nf6 5. exd5 exd5 6. Bb5 Bb4 7. 0-0 0-0 8. Bg5 Bxc3 9. bxc3 Qd6 10. Bxf6 Qxf6 11. Re1 Bg4 12. Qe2 Bxf3 13. Qxf3 Qxf3 14. gxf3 Rab8 15. Re3 a6 16. Bd3 Rfe8 17. Rae1 Kf8 18. Kg2 h6 19. Kg3 b5 20. a3 Re7 21. f4 Rbe8 22. f5 Nb8 23. Kf4 Nd7 24. a4 bxa4 25. Bxa6 Rxe3 26. fxe3 Ra8 27. Bd3 a3 28. Ra1 Nb6 29. Ra2 Ke7 30. e4 dxe4 31. Kxe4 Na4 0-1

[Event "SVK-chT2 5th B03 corr"]
[Site "Slovakia"]
[Date "2002.03.01"]
[Round "2"]
[White "Sun, Peter"]
[Black "Moravec, Milan"]
[Result "0-1"]
[WhiteElo "1600"]
[BlackElo "1907"]
[PlyCount "78"]
[EventDate "2002.??.??"]
[EventType "team (corr)"]
[EventRounds "10"]
[EventCountry "SVK"]
[SourceTitle "Corr 2004"]
[Source "ChessBase"]
[SourceDate "2003.04.28"]
[SourceVersion "3"]
[SourceVersionDate "2003.04.28"]
[SourceQuality "1"]

1. e4 c6 2. d4 d5 3. Nd2 dxe4 4. Nxe4 Bf5 5. Ng3 Bg6 6. h4 h6 7. Nf3 Nd7 8. h5 Bh7 9. Bd3 Bxd3 10. Qxd3 Qc7 11. Bd2 e6 12. 0-0-0 Ngf6 13. Ne4 0-0-0 14. g3 Nxe4 15. Qxe4 Nf6 16. Qe2 Bd6 17. c4 c5 18. Bc3 cxd4 19. Nxd4 a6 20. a4 Rd7 21. Kc2 Rhd8 22. Nb3 Qc6 23. a5 Qe4+ 24. Qxe4 Nxe4 25. Rdf1 Nxc3 26. Kxc3 Be5+ 27. Kc2 Rc7 28. Rh4 Rd5 29. Rfh1 Bf6 30. Re4 Rb5 31. f4 Rb4 32. Rhe1 Rcxc4+ 33. Rxc4+ Rxc4+ 34. Kb1 Rb4 35. Ka2 Ra4+ 36. Kb1 Kc7 37. Rc1+ Kd8 38. Nc5 Rb4 39. Nd3 Rb3 0-1